Countries by Ascents of Mt Everest per capita - Statistics

General Stats
  • This quiz has been taken 28 times
  • The average score is 12 of 20
Answer Stats
Ascents per million Country Total Ascents % Correct
124 Nepal 3620
100%
5.74 United Kingdom 385
92%
5.63 Austria 51
77%
7.75 Switzerland 68
77%
4.04 Australia 105
73%
3.08 Canada 120
73%
18.1 New Zealand 93
73%
2.86 Sweden 30
69%
7.70 Norway 42
65%
3.26 Finland 18
62%
6.44 Ireland 33
58%
2.50 South Korea 129
58%
3.05 Denmark 18
54%
15.7 Iceland 6
54%
8.06 Slovenia 17
54%
2.75 Singapore 15
42%
2.98 Georgia 11
31%
3.70 Latvia 7
31%
13.5 Malta 7
31%
2.73 North Macedonia 5
19%
No matching quizzes found
Score Distribution
Percent of People with Each Score
Percentile by Number Answered
Your Score History
You have not taken this quiz